000
00304nam a2200109Ia 4500
008
200302s9999 xx 000 0 und d
100
_a
Julian Eugene kulski
245
_a
Land of Urban Promise Continuing the Great Tradition
260
_b
University of Notre Dame Press
260
_c
1967
300
_a
282 P.,
999
_c
5622
_d
5622